Visualizzazione normale
Vista MARC
- Bergman Ingmar
di Personal Name
Records bibliografici associati: 1
001 - CONTROL NUMBER
- control field: 34084
003 - CONTROL NUMBER IDENTIFIER
- control field: IT-RoPau
005 - DATE AND TIME OF LATEST TRANSACTION
- control field: 20150202102148.0
008 - FIXED-LENGTH DATA ELEMENTS
- fixed length control field: 150202|| aca||aabn | a|a d
040 ## - CATALOGING SOURCE
- Original cataloging agency: IT-RoPau
- Transcribing agency: IT-RoPau
100 ## - HEADING--PERSONAL NAME
- Personal name: Bergman Ingmar
- Relator term: (soggetto)
- Miscellaneous information: Codice Soggetto SPICS: 9304
670 ## - SOURCE DATA FOUND
- Source citation: Work cat.: (IT-RoPau)106256: Bergman Ingmar Codice regista SPICS: 9304 34076, VOLTO (IL) VOLTO (IL) (Rif. Codice opera principale : 71969)